000 00252nam a2200109Ia 4500
008 190216s9999||||xx |||||||||||||| ||und||
100 _aBanjamin D
245 0 _aKavyanusheelanam
260 _bPoorna Pubs Kozhikode
650 _aNiroopanam
942 _cBK
999 _c26313
_d26313